| 000 | 00880nam a22002772a 4500 | ||
|---|---|---|---|
| 001 | 35957 | ||
| 003 | BD-RjUL | ||
| 005 | 20211209052417.0 | ||
| 008 | 140612s1951 ilu 000 0 eng d | ||
| 035 |
_a(BD-RjUL)36054 _aOCLC ocm00497450 from D960507M |
||
| 040 |
_aDLC _cDLC _dBD-RjUL _beng |
||
| 041 | _aeng | ||
| 082 |
_a320.15 _bMAM 1951 |
||
| 100 | 1 |
_aMaritain, Jacques, _d1882-1973. _9109459 |
|
| 245 | 1 | 0 |
_aMan and the state / _cJacques Maritain. |
| 260 |
_aChicago : _bUniversity of Chicago Press, _cc1951. |
||
| 300 |
_ax, 219 p. ; _c22 cm. |
||
| 490 | 1 | _aCharles R. Walgreen Foundation lectures | |
| 504 | _aIncludes index. | ||
| 650 | 0 |
_aState, The _9109460 |
|
| 650 | 0 |
_aDemocracy _9109461 |
|
| 650 | 0 |
_aChurch and social problems _xCatholic Church _996925 |
|
| 830 | 0 |
_aCharles R. Walgreen Foundation lectures _9109464 |
|
| 942 |
_2ddc _cBK |
||
| 999 |
_c35957 _d35957 |
||